Statistics for List of picturable nouns

Click here to take the quiz!

General Stats

  • This quiz has been taken 301 times
  • The average score is 54 of 200

Answer Stats

WORD% Correct
dog
84%
cat
83%
house
82%
horse
72%
cow
71%
table
67%
tree
67%
eye
64%
shoe
64%
leg
62%
ear
61%
hair
61%
arm
60%
bird
60%
finger
60%
foot
60%
hand
60%
pen
60%
nose
59%
shirt
59%
book
58%
door
58%
fork
58%
hat
58%
knife
58%
spoon
58%
pig
57%
cup
56%
apple
55%
plate
55%
toe
55%
mouth
54%
bed
53%
window
53%
sheep
52%
bee
51%
pencil
50%
dress
49%
sock
48%
boat
47%
fish
47%
head
47%
sun
47%
moon
45%
neck
45%
pot
45%
ball
43%
nail
42%
wall
42%
coat
41%
goat
41%
train
41%
knee
39%
roof
38%
orange
37%
cloud
36%
floor
36%
face
35%
tooth
35%
ant
34%
ship
34%
skirt
34%
church
33%
lip
33%
star
33%
potato
32%
wheel
32%
hammer
31%
picture
31%
plane
31%
trousers
31%
bag
30%
boot
30%
bottle
30%
boy
30%
gun
30%
heart
30%
rat
30%
girl
29%
glove
29%
ring
29%
chest
28%
leaf
28%
street
28%
bell
27%
cart
27%
clock
27%
oven
27%
box
26%
egg
26%
school
26%
snake
26%
stomach
26%
tongue
26%
bath
25%
chin
25%
baby
24%
fly
24%
stick
23%
watch
23%
monkey
22%
brick
21%
card
21%
curtain
21%
cake
20%
pin
20%
board
19%
cheese
19%
basket
18%
carriage
18%
farm
18%
garden
17%
key
17%
needle
17%
brush
16%
screw
16%
bucket
15%
frame
15%
pipe
15%
store
15%
umbrella
15%
brain
14%
branch
14%
bridge
14%
camera
14%
comb
14%
kettle
14%
worm
14%
bone
13%
button
13%
circle
13%
feather
13%
map
13%
skin
13%
thumb
13%
town
13%
flag
12%
library
12%
line
12%
lock
12%
shelf
12%
spade
12%
square
12%
thread
12%
drawer
11%
horn
11%
sail
11%
stocking
10%
berry
9%
engine
9%
hospital
9%
jewel
9%
net
9%
office
9%
rail
9%
scissors
9%
wire
9%
band
8%
basin
8%
bulb
8%
cushion
8%
nut
8%
pump
8%
station
8%
blade
7%
chain
7%
match
7%
rod
7%
root
7%
throat
7%
wing
7%
angle
6%
collar
6%
hook
6%
seed
6%
sponge
6%
tray
6%
arch
5%
cord
5%
plow
5%
stem
5%
tail
5%
army
4%
drain
4%
drop
4%
knot
4%
pocket
4%
spring
4%
stamp
4%
whistle
4%
fowl
3%
island
3%
muscle
3%
prison
3%
ticket
3%
whip
3%
nerve
2%
parcel
2%
receipt
2%
brake
1%

Score Distribution

Percentile by Number Answered

Percent of People with Each Score

Your Score History

You have not taken this quiz